Aeschylus' use of psychological terminology traditional and new /
Αποθηκεύτηκε σε:
| Κύριος συγγραφέας: | |
|---|---|
| Συγγραφή απο Οργανισμό/Αρχή: | |
| Μορφή: | Ηλεκτρονική πηγή Ηλ. βιβλίο |
| Γλώσσα: | Αγγλικά |
| Έκδοση: |
Montreal ; Buffalo :
McGill-Queen's University Press,
c1997.
|
| Θέματα: | |
| Διαθέσιμο Online: | An electronic book accessible through the World Wide Web; click to view |
| Ετικέτες: |
Δεν υπάρχουν, Καταχωρήστε ετικέτα πρώτοι!
|
MARC
| LEADER | 00000nam a2200000Ia 4500 | ||
|---|---|---|---|
| 001 | 0000086495 | ||
| 005 | 20171002054402.0 | ||
| 006 | m u | ||
| 007 | cr cn||||||||| | ||
| 008 | 970317s1997 quc sb 001 0 eng d | ||
| 010 | |z 97900392 | ||
| 015 | |a C97-900392-X | ||
| 020 | |z 0773516042 (bound) : | ||
| 035 | |a (CaPaEBR)ebr10141836 | ||
| 035 | |a (OCoLC)227038224 | ||
| 040 | |a CaPaEBR |c CaPaEBR | ||
| 050 | 1 | 4 | |a PA3829 |b .S84 1997eb |
| 100 | 1 | |a Sullivan, Shirley Darcus, |d 1945- | |
| 245 | 1 | 0 | |a Aeschylus' use of psychological terminology |h [electronic resource] : |b traditional and new / |c Shirley Darcus Sullivan. |
| 260 | |a Montreal ; |a Buffalo : |b McGill-Queen's University Press, |c c1997. | ||
| 300 | |a x, 288 p. | ||
| 504 | |a Includes bibliographical references (p. [273]-283) and indexes. | ||
| 533 | |a Electronic reproduction. |b Palo Alto, Calif. : |c ebrary, |d 2009. |n Available via World Wide Web. |n Access may be limited to ebrary affiliated libraries. | ||
| 600 | 0 | 0 | |a Aeschylus |x Language. |
| 600 | 0 | 0 | |a Aeschylus |x Knowledge |x Psychology. |
| 650 | 0 | |a Greek literature |x History and criticism. | |
| 655 | 7 | |a Electronic books. |2 local | |
| 710 | 2 | |a ebrary, Inc. | |
| 856 | 4 | 0 | |u http://site.ebrary.com/lib/daystar/Doc?id=10141836 |z An electronic book accessible through the World Wide Web; click to view |
| 908 | |a 170314 | ||
| 942 | 0 | 0 | |c EB |
| 999 | |c 75652 |d 75652 | ||